00955nam a2200205 a 4500008004100000020001500041050001400056100001400070245005800084260004900142300001600191350000900207650003800216650001600254700000700270995014800277995017700425999001700602952013000619120416s1990 ||||||||||||||||| || u a094602779x aS 496 Dev aSpeedy, A10aDeveloping world agriculturecedited by Dr. A. Speedy aLondon:bGresvenor International Pressc1990 a286p. : ill a0.00 aAGRICULTURE--DEVELOPING COUNTRIES aAGRICULTURE aDr aMAIN LIBRARY OPEN ACCESSD0.00e722712FCBU-MAIN LIBRARY (Kitwe)H2I0.00jS 496 DevM2UAVAILABLEy025556ZMain Library Open Access Collection aKAPASA MAKASA LIBRARY OPEN ACCESSD0.00e723713FCBU-KAPASA MAKASA LIBRARY (Chinsali)H1I0.00jS 496 DevM1UAVAILABLEy005023ZKapasa Makasa Library Open Acess Collection c63483d63483 00102lcc4070a001b001cMain Library Open Access Collectiond2022-12-24l0oS 496 Devp025556r2022-12-24w2022-12-24y002